01287nam a22003617a 450000500170000000800410001701000100005801100100006803500100007808200200008810000380010824500250014625000100017126000310018130000090021249000740022150000130029559000410030859000410034959000410039059000410043159000410047259000410051359000420055465000240059665000320062065000180065271000840067083000880075490100070084294900590084999900170090820230526121337.0971010s1990 r 00010 d a65130 a66102 a74021 a633.85bS3 199000aSánchez Potes, Alberto.9107765 aCultivos oleaginosos a2 ed. aMéxico :bTrillas,c1990 a72 p aManuales para la educación agropecuaria. Producción vegetalv; 14 a1992-189 aBATCH-UPDb10c20130110lUCH01h0126 aBATCH-UPDb10c20130110lUCH01h1124 aBATCH-UPDb10c20130409lUCH01h2120 aBATCH-UPDb10c20130410lUCH01h0714 aBATCH-UPDb10c20130914lUCH01h0507 aBATCH-UPDb10c20130914lUCH01h2049 aCONVERSIONb10c20130109lUCH01h133614aAzafrancillo.9904814aPlantas oleaginosas.98903214aSoya.91090130 aMéxico. Dirección General de Educación Tecnológica Agropecuaria.9769810 aManuales para educación agropecuaria. Producción vegetal (Trillas)v; 14970695 aBK a633.85 S3 1990bFcLIBROd-6867eLIBROh2886i74021si c65130d65130